Geography - X - Statistics

General Stats
  • This quiz has been taken 18 times
  • The average score is 3 of 10
Answer Stats
Hint Answer % Correct
Qin Shi Huang's mausoleum is near this city. Xi'an
94%
South Africa's 2nd-largest ethnic group. Xhosa
67%
Major city in China's Fujian province. Xiamen
56%
China's semi-mythical first dynasty. Xia
33%
The capital city of Mexico's Veracruz state. Xalapa
22%
The capital city of Mozambique's Gaza province; formerly known as João Belo. Xai-Xai
11%
Maltese town on the island of Gozo; the site of a megalithic structure older than the pyramids. Xaghra
0%
Ancient Greek city in modern-day Southwestern Türkiye. Xanthos
0%
Major Mayan archeological site on the coast of Quintana Roo. Xcaret
0%
What the Achaemenid Šahanšahs called their empire (literally translates to 'The Empire'). Xšaça
0%
No matching quizzes found
Score Distribution
Percent of People with Each Score
Percentile by Number Answered
Your Score History
You have not taken this quiz